000 00579nam a2200169Ia 4500
008 090711s9999 xx 000 0 und d
082 _b987
100 _aजोशी स. म.
245 _aतुमSाी रास व तुमSो भाग्य
260 _bराजेश प्रकाशन
_c1995
300 _a156
600 _aजोशी स. म.
630 _aतुमSाी रास व तुमSो भाग्य
700 _aजोशी स. म.
730 _aतुमSाी रास व तुमSो भाग्य
942 _cBOOK
999 _c324484
_d324484